000 00868nam a2200289 i 4500
003 EG-GICUC
005 20260121101203.0
008 251110s1973 us ||||fr ||| 00| 0 eng d
040 _aEG-GICUC
_cEG-GICUC
_dEG-GICUC
_erda
_beng
041 0 _aeng
082 0 4 _221
_a341.23
_bUN . U
092 0 4 _221
099 _aLaw1 11 341.23 UN . U 1973
110 _kUnited Nations
_eAuthor.
245 1 2 _aThe United Nations And Human Rights /
_cUnited Nations .
264 0 _aUnited States :
_bUnited Nations,
_c1973.
300 _a89 Pages;
_c30 cm.
336 _atext
_2rda content
337 _aComputer
_2rda media
338 _aOnline Resource
_2rda carrier
546 _aText in English
650 0 4 _aPublic international law
650 0 4 _aHuman Rights
856 _uhttps://fll.law.cu.edu.eg/fulltext/th/B11-06348.pdf
905 _a59
942 _2ddc
_cBK
_e21
_n0
999 _c42117
_d42117